|
|
|
|
| LEADER |
00997pam a2200289 a 4500 |
| 001 |
AAL5803 |
| 003 |
BD-DhAAL |
| 005 |
20160428122921.0 |
| 008 |
910809s1992 nyu 001 0 eng |
| 010 |
|
|
|a 91031454
|
| 020 |
|
|
|a 0525934146 :
|c $25.00
|
| 020 |
|
|
|a 8181473817
|
| 040 |
|
|
|a DLC
|c DLC
|d DLC
|d BD-DhAAL
|
| 050 |
0 |
0 |
|a HD31
|b .D7733 1992
|
| 082 |
0 |
0 |
|a 658
|2 20
|
| 100 |
1 |
|
|a Drucker, Peter F.
|q (Peter Ferdinand),
|d 1909-2005.
|9 19336
|
| 245 |
1 |
0 |
|a Managing for the future /
|c Peter F. Drucker.
|
| 260 |
|
|
|a New Delhi :
|a New York :
|b Elsevier,
|b Tuman Talley Books/Dutton,
|c c1992.
|c 2004.
|
| 300 |
|
|
|a 287 p. ;
|c 23 cm.
|
| 500 |
|
|
|a Includes index
|
| 541 |
|
|
|e 5803
|
| 650 |
|
0 |
|a Management.
|9 19337
|
| 650 |
|
0 |
|a Organization.
|9 19338
|
| 852 |
|
|
|a Savar Campus Library
|c General Shelf
|
| 942 |
|
|
|2 ddc
|c BK
|
| 999 |
|
|
|c 37501
|d 37501
|
| 952 |
|
|
|0 0
|1 0
|2 ddc
|4 0
|6 658_000000000000000_DRU
|7 0
|9 58891
|a SCL
|b SCL
|c GEN
|d 2016-04-28
|g 515.00
|l 1
|o 658 DRU
|p 3020005803
|r 2018-09-30
|s 2018-09-24
|t 1
|w 2016-04-28
|y BK
|